经济首位度≥30%的省会城市 扫雷 Provincial capital cities with economic primacy ≥30% - Statistics

General Stats
  • This quiz has been taken 451 times
  • The average score is 3 of 10
Answers on the Grid
Answers color-coded by a green-red scale on the quiz's grid according to % correct below.
长春
银川
西宁
成都
西安
拉萨
武汉
哈尔滨
海口
兰州
长沙
沈阳
合肥
昆明
杭州
贵阳
福州
乌鲁木齐
太原
广州
南昌
郑州
南宁
石家庄
呼和浩特
南京
济南
 
Answer Stats
Answer % Correct
37 成都
58%
52 长春
47%
35 武汉
36%
35 西安
35%
50 银川
33%
46 西宁
31%
35 拉萨
31%
35 哈尔滨
26%
30 兰州
24%
31 海口
16%
No matching quizzes found
Score Distribution
Percent of People with Each Score
Percentile by Number Answered
Your Score History
You have not taken this quiz